<?xml version="1.0" encoding="UTF-8"?>
<record
    xmlns:xsi="http://www.w3.org/2001/XMLSchema-instance"
    xsi:schemaLocation="http://www.loc.gov/MARC21/slim http://www.loc.gov/standards/marcxml/schema/MARC21slim.xsd"
    xmlns="http://www.loc.gov/MARC21/slim">

  <leader>00760nam a22002057a 4500</leader>
  <controlfield tag="005">20220727102756.0</controlfield>
  <controlfield tag="008">220727b           ||||| |||| 00| 0 eng d</controlfield>
  <datafield tag="040" ind1=" " ind2=" ">
    <subfield code="c">Aloy</subfield>
  </datafield>
  <datafield tag="041" ind1=" " ind2=" ">
    <subfield code="a">hin</subfield>
  </datafield>
  <datafield tag="082" ind1=" " ind2=" ">
    <subfield code="2">23</subfield>
    <subfield code="a">H891.1</subfield>
    <subfield code="b">TYAS</subfield>
  </datafield>
  <datafield tag="100" ind1=" " ind2=" ">
    <subfield code="a">Narendr Tyagi: &#x928;&#x930;&#x947;&#x902;&#x926;&#x94D;&#x930; &#x924;&#x94D;&#x92F;&#x93E;&#x917;&#x940; </subfield>
    <subfield code="9">53473</subfield>
  </datafield>
  <datafield tag="245" ind1=" " ind2=" ">
    <subfield code="a">Sipahi ki kalam se: &#x938;&#x93F;&#x92A;&#x93E;&#x939;&#x940; &#x915;&#x940; &#x915;&#x932;&#x92E; &#x938;&#x947; </subfield>
  </datafield>
  <datafield tag="260" ind1=" " ind2=" ">
    <subfield code="a">Nayi Dilli</subfield>
    <subfield code="b">Story Tellers</subfield>
    <subfield code="c">2003</subfield>
  </datafield>
  <datafield tag="300" ind1=" " ind2=" ">
    <subfield code="a">xxi,317p.</subfield>
    <subfield code="b">HB</subfield>
    <subfield code="c">21x13cm.</subfield>
  </datafield>
  <datafield tag="365" ind1=" " ind2=" ">
    <subfield code="2">Hindi</subfield>
    <subfield code="b">150.00</subfield>
    <subfield code="c">&#x20B9;</subfield>
    <subfield code="d">150.00</subfield>
  </datafield>
  <datafield tag="650" ind1=" " ind2=" ">
    <subfield code="a">Hindi Poetry: &#x939;&#x93F;&#x902;&#x926;&#x940; &#x915;&#x935;&#x93F;&#x924;&#x93E; </subfield>
    <subfield code="9">53474</subfield>
  </datafield>
  <datafield tag="650" ind1=" " ind2=" ">
    <subfield code="a">Hindi Literature: &#x939;&#x93F;&#x902;&#x926;&#x940; &#x938;&#x93E;&#x939;&#x93F;&#x924;&#x94D;&#x92F; </subfield>
    <subfield code="9">53475</subfield>
  </datafield>
  <datafield tag="700" ind1=" " ind2=" ">
    <subfield code="a">Narendr Tyagi: &#x924;&#x94D;&#x92F;&#x93E;&#x917;&#x940;  (&#x928;&#x930;&#x947;&#x902;&#x926;&#x94D;&#x930;)</subfield>
    <subfield code="9">53476</subfield>
  </datafield>
  <datafield tag="942" ind1=" " ind2=" ">
    <subfield code="2">ddc</subfield>
    <subfield code="c">GF</subfield>
  </datafield>
  <datafield tag="999" ind1=" " ind2=" ">
    <subfield code="c">224222</subfield>
    <subfield code="d">224222</subfield>
  </datafield>
  <datafield tag="952" ind1=" " ind2=" ">
    <subfield code="0">0</subfield>
    <subfield code="1">0</subfield>
    <subfield code="2">ddc</subfield>
    <subfield code="4">0</subfield>
    <subfield code="7">0</subfield>
    <subfield code="8">HIN</subfield>
    <subfield code="a">AL</subfield>
    <subfield code="b">AL</subfield>
    <subfield code="d">2013-03-24</subfield>
    <subfield code="l">0</subfield>
    <subfield code="o">H891.1 TYAS</subfield>
    <subfield code="p">GF02644</subfield>
    <subfield code="r">2022-07-27 00:00:00</subfield>
    <subfield code="w">2022-07-27</subfield>
    <subfield code="y">GF</subfield>
  </datafield>
</record>
